| 000 | 00933nam a22001937a 4500 | ||
|---|---|---|---|
| 999 |
_c60866 _d60866 |
||
| 005 | 20231113114511.0 | ||
| 008 | 231113s1981 ru ||||| |||| 00| 0 rus d | ||
| 041 | _arus | ||
| 080 | _a902(479.22)(084.3) Г-12 | ||
| 100 |
_aГагошидзе, Ю.М. _920345 |
||
| 245 |
_aСамадло : _b Каталог археологического материала / _cЮ.М. Гагошидзе; АН ГССР, Гос. музей Грузии им. С.Н. Джанашиа. |
||
| 264 |
_aТбилиси : _bМецниереба, _c1981. |
||
| 300 |
_a55 стр.: _b ил. ; _c26 см. |
||
| 521 | _aპარალ. სათ. ქართ. ენაზე | ||
| 653 | _aარქეოლოგიური გათხრები საქართველოში | ||
| 653 | _aარქეოლოგია | ||
| 710 |
_a АН ГССР _dГос. музей Грузии им. С.Н. Джанашиа. _920346 |
||
| 942 |
_2udc _cBK |
||